000 01586nam0a22003611 4500
001 RU\NLR\INFOCOMM_10\5000068947
005 20250810071722.0
035 _a(NLR Aleph) 010758386
090 _a9970672
_c9970672
100 _a20150407d1943 u y0rusy50 ca
101 0 _arus
102 _aRU
105 _ay z |||||
135 _acrbn 008apadp
200 1 _aРасплата. ["Из деревни от матушки весточку ..."
_e[ноты]
_eдля голоса с ф.-п.
_fмузыка Н. Будашкина
_gтекст Ц. Солодаря
210 _aЛенинград
_c2-я типо-литография УВМИ
_d1943
325 _aКопия доступна в Электрон. б-ке РНБ
606 1 0 _aБлокада Ленинграда
_z1941 - 1944
_92077679
_3RU\NLR\AUTH\661253360
700 1 _aБудашкин
_bН.
_4070
702 1 _aСолодарь
_bЦ.
_4480
801 1 _aRU
_binfocomm
_c20150407
801 0 _aRU
_bNLR
_gPSBO
852 _aNLR
_bЛ3-350
_j3/23
_pЛН.105
856 0 _uhttp://vivaldi.nlr.ru/ab000002599/view
856 1 _uhttp://vivaldi.nlr.ru/ab000002599/cover
856 2 _uhttp://vivaldi.nlr.ru/ab000002599/text
901 _eКнижные издания
942 _cBOOK
945 _aРоссийская национальная библиотека
980 _aNB
980 _aBV
981 3 7 _a(37) Ленинград в Великой Отечественной войне
_b(37) Книги блокадного Ленинграда
981 3 4 _a(34) Санкт-Петербург